Information technology outsourcing much more than cost reduction?

Outsourcing ako mega trend posledných desaťročí. Teoretické základy. Nevyhnutné zníženie nákladov. Strategická hodnota. Reakcia burzy cenných papierov. IT outsouricng.

Salvato in:
Dettagli Bibliografici
Autore principale: Schwarz, Oliver, 1969-
Natura: Capitolo di libro
Lingua:inglese
Soggetti:
Tags: Aggiungi Tag
Nessun Tag, puoi essere il primo ad aggiungerne!!

MARC

LEADER 00000nla$a2200000$$$4500
001 0143485
005 20240502072555.9
041 0 |a eng 
044 |a SK 
245 1 0 |a Information technology outsourcing much more than cost reduction?  |c Oliver Schwarz 
520 |a Outsourcing ako mega trend posledných desaťročí. Teoretické základy. Nevyhnutné zníženie nákladov. Strategická hodnota. Reakcia burzy cenných papierov. IT outsouricng. 
610 2 0 |a outsourcing 
610 2 0 |a technológie informačné 
610 2 0 |a náklady 
610 2 0 |a znižovanie nákladov 
610 2 0 |a burzy 
610 2 0 |a burzy cenných papierov 
100 1 |a Schwarz, Oliver, 1969-